Welcome to the Holygrace Academy Library

Please use search bar below to get started

NIGHTMARE (Record no. 1737)

MARC details
000 -LEADER
fixed length control field 00365nam a22001577a 4500
020 ## - INTERNATIONAL STANDARD BOOK NUMBER
ISBN 0-00-725136-X
082 ## - DEWEY DECIMAL CLASSIFICATION NUMBER
Classification number 823
Item number STI/N
100 ## - MAIN ENTRY--AUTHOR NAME
Personal name STINE, R.L
245 ## - TITLE STATEMENT
Title NIGHTMARE
Remainder of title SHORT STORY
246 ## - VARYING FORM OF TITLE
Title proper/short title NIGHTMARE
Remainder of title SHORT STORY
260 ## - PUBLICATION, DISTRIBUTION, ETC. (IMPRINT)
Place of publication INDIA
Name of publisher HARPER COLLINS PUBLISHERS
Year of publication 2007
300 ## - PHYSICAL DESCRIPTION
Number of Pages 138
520 ## - SUMMARY, ETC.
Summary, etc SHORT STORY
650 ## - SUBJECT ADDED ENTRY--TOPICAL TERM
Topical Term SHORT STORY
942 ## - ADDED ENTRY ELEMENTS (KOHA)
Koha item type Books
Holdings
Withdrawn status Lost status Collection code Home library Current library Shelving location Date acquired Source of acquisition Full call number Accession Number Koha item type
    Fiction Main Library Main Library SHELF 4-A GOOSEBUMPS 15/06/2009 Purchase 823 STI/N 04805 Books